Magyar nyelvű orvosi szakcikkek hivatkozásainak automatikus feldolgozása
Cikkünkben bemutatunk egy szakirodalmi hivatkozások feldolgozására kidolgozott nyelvtechnológiai rendszert. A rendszer két legfontosabb modulja egy közelítő illesztésen alapuló visszakereső modul és egy szekvenciajelölő modul, ami a hivatkozások egyes elemeit azonosítja. Ez utóbbi megoldásnál egy új...
Elmentve itt :
| Szerzők: | |
|---|---|
| Testületi szerző: | |
| Dokumentumtípus: | Könyv része |
| Megjelent: |
2016
|
| Sorozat: | Magyar Számítógépes Nyelvészeti Konferencia
12 |
| Kulcsszavak: | Nyelvészet - számítógép alkalmazása |
| Online Access: | http://acta.bibl.u-szeged.hu/58983 |
| LEADER | 01334naa a2200253 i 4500 | ||
|---|---|---|---|
| 001 | acta58983 | ||
| 005 | 20260224081030.0 | ||
| 008 | 190701s2016 hu o 100 hun d | ||
| 020 | |a 978-963-306-450-4 | ||
| 040 | |a SZTE Egyetemi Kiadványok Repozitórium |b hun | ||
| 041 | |a hun | ||
| 100 | 1 | |a Kojedzinszky Tamás | |
| 245 | 1 | 0 | |a Magyar nyelvű orvosi szakcikkek hivatkozásainak automatikus feldolgozása |h [elektronikus dokumentum] / |c Kojedzinszky Tamás |
| 260 | |c 2016 | ||
| 300 | |a 282-286 | ||
| 490 | 0 | |a Magyar Számítógépes Nyelvészeti Konferencia |v 12 | |
| 520 | 3 | |a Cikkünkben bemutatunk egy szakirodalmi hivatkozások feldolgozására kidolgozott nyelvtechnológiai rendszert. A rendszer két legfontosabb modulja egy közelítő illesztésen alapuló visszakereső modul és egy szekvenciajelölő modul, ami a hivatkozások egyes elemeit azonosítja. Ez utóbbi megoldásnál egy újszerű kétlépcsős újrarangsoroló technikát is ismertetünk. | |
| 695 | |a Nyelvészet - számítógép alkalmazása | ||
| 700 | 0 | 1 | |a Farkas Richárd |e aut |
| 700 | 0 | 2 | |a Sliz-Nagy Alex |e aut |
| 700 | 0 | 2 | |a Tímár György |e aut |
| 700 | 0 | 2 | |a Zsibrita János |e aut |
| 710 | |a Magyar Számítógépes Nyelvészeti Konferencia (12.) (2016) (Szeged) | ||
| 856 | 4 | 0 | |u http://acta.bibl.u-szeged.hu/58983/1/msznykonf_012_282-286.pdf |z Dokumentum-elérés |